The Logo Quiz 1 - Statistics

General Stats
  • This quiz has been taken 296 times
  • The average score is 13 of 16
Answer Stats
Picture Answer % Correct
Apple
96%
Starbucks
96%
Lego
95%
Youtube
95%
Adidas
93%
Facebook
93%
Pepsi
93%
Fortnite
91%
Wikipedia
91%
Audi
88%
Target
88%
Volkswagen
86%
NBC
68%
LinkedIn
58%
Milton Bradley
41%
E4
38%
No matching quizzes found
Score Distribution
Percent of People with Each Score
Percentile by Number Answered
Your Score History
You have not taken this quiz